Statistiques concernant Brawlhalla personnages

Cliquez ici pour prendre le quiz!

Statistiques générales

  • Ce quiz a été pris 6 fois
  • Le résultat moyen est 14 sur 45

Statistiques - réponses

Initiale Personnage % Correct
BBödvar
60%
VVal
60%
HHattori
60%
OOrion
60%
CCaspian
40%
UUlgrim
40%
KKoji
40%
LLin Fei
40%
KKor
40%
WWu Shang
40%
KKaya
40%
RRagnir
40%
BBarraza
40%
MMordex
40%
AAsuri
40%
RRayman
40%
QQueen Nai
40%
GGnash
40%
CCassidy
40%
AAda
40%
TThatch
40%
LLucien
40%
TTeros
40%
BBrynn
40%
XXull
20%
FFait
20%
SSidra
20%
JJiro
20%
ZZariel
20%
AArtemis
20%
DDusk
20%
IIsaiah
20%
JJhala
20%
SSentinel
20%
SScarlet
20%
SSir Roland
20%
LLord Vraxx
20%
EEmber
20%
AAzoth
20%
NNix
20%
MMirage
20%
CCross
20%
YYumiko
20%
DDiana
20%
TThor
0%

Distribution des résultats

Percentile by Number Answered

% des personnes avec chaque résultat

Votre développement - résultats

Vous n’avez pas pris ce quiz